[Event "XXXIV Festival A"]
[Site "Arco ITA"]
[Date "2012.10.19"]
[Round "7"]
[White "Joerges, Frank"]
[Black "Pretto, Aldo"]
[WhiteElo "1915"]
[BlackElo "1733"]
[Result "1-0"]
[PlyCount "87"]
[EventDate "2012.10.13"]

1. d4 Nf6 2. c4 g6 3. Nc3 Bg7 4. e4 d6 5. Be2 c5 6. d5 a6 7. Bg5 h6 8. Bf4 O-O
9. h3 Nbd7 10. Nf3 Nh5 11. Bh2 Nhf6 12. O-O Ne8 13. Qd2 Kh7 14. Rae1 Ne5 15.
Nxe5 Bxe5 16. f4 Bd4+ 17. Kh1 f5 18. e5 e6 19. Bf3 Qc7 20. Ne2 dxe5 21. fxe5
Bxe5 22. Bxe5 Qxe5 23. Nf4 Qd6 24. Nxe6 Bxe6 25. Rxe6 Qd8 26. Rfe1 Ng7 27. Re7
Re8 28. Rxb7 Qf6 29. Rxe8 Rxe8 30. Qc3 Qf8 31. Ra7 Re7 32. Rxa6 Qe8 33. Qf6
Re1+ 34. Kh2 Qe3 35. Qxg6+ Kh8 36. Qxh6+ Qxh6 37. Rxh6+ Kg8 38. Rc6 Rb1 39.
Rxc5 Rxb2 40. a4 Ne8 41. Rb5 Rd2 42. c5 Nf6 43. c6 Kf7 44. Rc5 1-0

[Event "XXXIV Festival A"]
[Site "Arco ITA"]
[Date "2012.10.19"]
[Round "7"]
[White "Karl, Hans"]
[Black "Blasco, Domenico"]
[WhiteElo "2141"]
[BlackElo "1920"]
[Result "1/2-1/2"]
[PlyCount "86"]
[EventDate "2012.10.13"]

1. e4 g6 2. d4 Bg7 3. c3 d6 4. f4 Nc6 5. Nf3 Bg4 6. Bb5 a6 7. Ba4 b5 8. Bc2 e5
9. fxe5 dxe5 10. d5 Nce7 11. h3 Bxf3 12. Qxf3 Nh6 13. Bg5 f6 14. Bh4 O-O 15.
Nd2 Qd6 16. O-O Kh8 17. Rad1 f5 18. Bxe7 Qxe7 19. exf5 Nxf5 20. Nb3 Qd6 21.
Bxf5 Rxf5 22. Qe4 Qb6+ 23. Kh1 Raf8 24. Rxf5 Rxf5 25. Nd2 Qf2 26. Nf3 Qxb2 27.
d6 cxd6 28. Rxd6 Qxc3 29. Rxa6 Rf8 30. Ra8 Qc1+ 31. Kh2 Qf4+ 32. Qxf4 exf4 33.
Rxf8+ Bxf8 34. Kg1 Kg7 35. Kf2 Kf6 36. Ke2 g5 37. Kd3 Bc5 38. Ke4 h5 39. Ne1
Ke6 40. Nd3 Bd6 41. Nf2 Bc5 42. Nd3 Bd6 43. Nf2 Be5 1/2-1/2

[Event "XXXIV Festival A"]
[Site "Arco ITA"]
[Date "2012.10.19"]
[Round "7"]
[White "Kern, Beat"]
[Black "Garvani, Vittorio"]
[WhiteElo "1624"]
[BlackElo "1904"]
[Result "1/2-1/2"]
[PlyCount "98"]
[EventDate "2012.10.13"]

1. d4 d5 2. Nc3 f5 3. Nf3 Nf6 4. Bf4 c6 5. e3 e6 6. Be2 Bb4 7. a3 Be7 8. O-O
O-O 9. b4 Ne4 10. Na4 g5 11. Be5 b6 12. Nd2 Nf6 13. Rc1 Bd7 14. c4 dxc4 15. Nc3
a5 16. Nxc4 axb4 17. axb4 Bxb4 18. Qb3 c5 19. Na2 Ba5 20. dxc5 bxc5 21. Bd6 Re8
22. Bxc5 Ne4 23. Bd4 Bd2 24. Rcd1 Ba4 25. Qb7 Qd7 26. Qxa8 Bxd1 27. Rxd1 Nc6
28. Qa3 Nxd4 29. Bf3 Rc8 30. Nxd2 Nxd2 31. exd4 Qxd4 32. Qe3 Qxe3 33. fxe3
Nxf3+ 34. gxf3 Rc2 35. Nc1 Kg7 36. Re1 h5 37. Nd3 Kf6 38. Nf2 g4 39. f4 e5 40.
Kg2 h4 41. Kg1 exf4 42. exf4 Rd2 43. Rd1 Ra2 44. Rd6+ Ke7 45. Rh6 h3 46. Kf1
Ra4 47. Nd3 Ra1+ 48. Ne1 Ra4 49. Nd3 Ra1+ 1/2-1/2

[Event "XXXIV Festival A"]
[Site "Arco ITA"]
[Date "2012.10.19"]
[Round "7"]
[White "Kierzek, Mira"]
[Black "De Santis, Alessio"]
[WhiteElo "2018"]
[BlackElo "2294"]
[Result "0-1"]
[PlyCount "208"]
[EventDate "2012.10.13"]

1. d4 d6 2. Nf3 f5 3. Nc3 Nf6 4. Bg5 d5 5. e3 e6 6. Ne5 Be7 7. Bd3 O-O 8. h3
Nbd7 9. Ne2 Nxe5 10. dxe5 Nd7 11. Bf4 Nc5 12. O-O Nxd3 13. Qxd3 b6 14. Rad1 a5
15. Qd2 Ba6 16. Rfe1 Qc8 17. Bh2 c5 18. c3 Qc6 19. Nc1 Ra7 20. Bg3 Rd8 21. Ne2
Rad7 22. Qc2 Bb7 23. f3 Ba6 24. Kh2 Bxe2 25. Rxe2 b5 26. a3 c4 27. Be1 Qc7 28.
f4 Qb6 29. Bd2 Rb7 30. Rg1 Bc5 31. g4 Rf8 32. Rg3 Kh8 33. gxf5 Rxf5 34. e4 dxe4
35. Qxe4 Rd7 36. Reg2 g6 37. Qa8+ Rf8 38. Qe4 Bf2 39. Be3 Bxg3+ 40. Rxg3 Qb7
41. Qxb7 Rxb7 42. Kg2 Rd7 43. Kf3 Rd3 44. Ke4 a4 45. Rg2 Rf5 46. h4 Kg7 47. Rh2
Kf7 48. Bc5 Ke8 49. Be3 Kd7 50. Bc5 Kc6 51. Bd4 Rd1 52. Be3 Rh5 53. Bd4 Kd7 54.
Be3 Ke8 55. Bc5 Rd3 56. Be3 Kf7 57. Bc5 Rf5 58. Be3 Kg7 59. Kf3 Kh6 60. Rh1 Kh5
61. Rh2 Rf7 62. Rh1 Rfd7 63. Rh2 Rd1 64. Bd4 Rd5 65. Rg2 Rd3+ 66. Be3 h6 67.
Rh2 Rd1 68. Bd4 R5xd4 69. cxd4 Rxd4 70. Ke3 Rd3+ 71. Ke4 Kg4 72. Rh1 Rd2 73.
Rg1+ Kh5 74. Rb1 Kxh4 75. Rh1+ Kg3 76. Rxh6 Re2+ 77. Kd4 Kxf4 78. Rxg6 Rd2+ 79.
Kc3 Rd3+ 80. Kc2 Kf5 81. Rg8 Rd5 82. Rf8+ Kxe5 83. Kc3 Rd3+ 84. Kc2 Ke4 85. Rb8
Rb3 86. Re8 e5 87. Re7 Kd4 88. Rd7+ Ke3 89. Rh7 Rd3 90. Rh3+ Ke4 91. Rh4+ Kf5
92. Rh5+ Kf4 93. Rh4+ Kg3 94. Rh5 Rd5 95. Rf5 Kg4 96. Rf8 e4 97. Re8 Kf3 98.
Rf8+ Ke2 99. Rh8 Rf5 100. Kc3 e3 101. Re8 Kf2 102. Rh8 e2 103. Rh2+ Ke3 104.
Rh1 Rf1 0-1

[Event "XXXIV Festival A"]
[Site "Arco ITA"]
[Date "2012.10.19"]
[Round "7"]
[White "Knors, Rudi"]
[Black "Burani, Eugenio"]
[WhiteElo "2112"]
[BlackElo "1863"]
[Result "1-0"]
[PlyCount "83"]
[EventDate "2012.10.13"]

1. e4 c5 2. Nf3 Nf6 3. Nc3 Nc6 4. d4 cxd4 5. Nxd4 e5 6. Nf3 a6 7. Bc4 Be7 8.
O-O O-O 9. Bb3 b5 10. Qd3 h6 11. Be3 Ng4 12. Nd5 Nxe3 13. Nxe3 Re8 14. Qd5 Rf8
15. Nxe5 Qc7 16. Nxf7 Kh7 17. Rad1 Qf4 18. Qf5+ Qxf5 19. Nxf5 Bf6 20. c3 Na5
21. N7d6 Nxb3 22. axb3 Ra7 23. f4 g6 24. Nxc8 Rxc8 25. Nd6 Rc6 26. e5 Be7 27.
Ne4 Kg7 28. Rd5 Rb6 29. Rfd1 Rbb7 30. g4 Rc7 31. f5 gxf5 32. gxf5 Kf7 33. R1d3
Rcb7 34. Rh3 Rb6 35. Rhd3 Rbb7 36. Nd6+ Bxd6 37. Rxd6 a5 38. Rxh6 a4 39. b4 a3
40. bxa3 Rxa3 41. Rh7+ Ke8 42. e6 1-0

[Event "XXXIV Festival A"]
[Site "Arco ITA"]
[Date "2012.10.19"]
[Round "7"]
[White "Kveinys, Aloyzas"]
[Black "Naumkin, Igor"]
[WhiteElo "2526"]
[BlackElo "2480"]
[Result "1/2-1/2"]
[PlyCount "51"]
[EventDate "2012.10.13"]

1. d4 Nf6 2. c4 e6 3. Nf3 b6 4. a3 Bb7 5. Nc3 d5 6. cxd5 exd5 7. g3 Be7 8. Qa4+
c6 9. Bg2 O-O 10. Bf4 Nbd7 11. Rd1 Nh5 12. Bc1 Bd6 13. O-O Qe7 14. b4 b5 15.
Qb3 a5 16. e4 axb4 17. axb4 dxe4 18. Nxe4 Bxb4 19. Bg5 Qxe4 20. Qxb4 Nhf6 21.
Rfe1 Qf5 22. Qd6 c5 23. Bxf6 Qxf6 24. dxc5 Nxc5 25. Qxc5 Bxf3 26. Bxf3 1/2-1/2

[Event "XXXIV Festival A"]
[Site "Arco ITA"]
[Date "2012.10.19"]
[Round "7"]
[White "La Manna, Andrea"]
[Black "Schnitzspan, Lothar"]
[WhiteElo "2193"]
[BlackElo "2325"]
[Result "0-1"]
[PlyCount "64"]
[EventDate "2012.10.13"]

1. d4 Nf6 2. c4 g6 3. Nc3 d5 4. cxd5 Nxd5 5. e4 Nxc3 6. bxc3 Bg7 7. Bc4 c5 8.
Ne2 Nc6 9. Be3 O-O 10. Rc1 Na5 11. Bd3 b6 12. h4 e5 13. dxc5 bxc5 14. Bxc5 Bh6
15. Bxf8 Bxc1 16. Bb4 Bh6 17. h5 Bg5 18. hxg6 hxg6 19. Bb5 Be6 20. Qxd8+ Bxd8
21. Nc1 Nc4 22. Nb3 a5 23. Bc5 Rb8 24. a4 Nb2 25. Bd6 Rxb5 26. axb5 Bxb3 27.
O-O Nc4 28. Bc5 f6 29. f4 exf4 30. Rxf4 Kf7 31. Rf3 Be7 32. Ba7 a4 0-1

[Event "XXXIV Festival A"]
[Site "Arco ITA"]
[Date "2012.10.19"]
[Round "7"]
[White "Lezzerini, Marco"]
[Black "Ebeling, Jens"]
[WhiteElo "1920"]
[BlackElo "2011"]
[Result "0-1"]
[PlyCount "66"]
[EventDate "2012.10.13"]

1. c4 g6 2. g3 Bg7 3. Bg2 d6 4. Nc3 e5 5. e4 Nc6 6. Nge2 Nge7 7. O-O O-O 8. d3
f5 9. Be3 Be6 10. Nd5 Qd7 11. Qd2 Rf7 12. Rab1 Kh8 13. b4 Raf8 14. b5 Nd8 15.
f3 b6 16. Bg5 Ng8 17. a4 Nb7 18. Nb4 fxe4 19. fxe4 Nc5 20. a5 bxa5 21. Nc6 a4
22. Be3 Bh3 23. Rxf7 Rxf7 24. Bxc5 dxc5 25. Bxh3 Qxh3 26. Nc3 Bh6 27. Qe2 Bg7
28. Nxa4 Nh6 29. Rf1 Rxf1+ 30. Qxf1 Qh5 31. Nxc5 Ng4 32. h4 Ne3 33. Qf2 Qd1+
0-1

[Event "XXXIV Festival A"]
[Site "Arco ITA"]
[Date "2012.10.19"]
[Round "7"]
[White "Machlik, Jon"]
[Black "Wagner, Frank"]
[WhiteElo "1732"]
[BlackElo "1906"]
[Result "0-1"]
[PlyCount "78"]
[EventDate "2012.10.13"]

1. e4 g6 2. d4 Bg7 3. f4 d5 4. e5 e6 5. Nf3 b6 6. b3 Ba6 7. c4 dxc4 8. bxc4 Bb7
9. Be2 Ne7 10. Nc3 c6 11. Ba3 Na6 12. Ne4 O-O 13. Nf6+ Kh8 14. Ng5 c5 15. d5
exd5 16. Ngxh7 Nf5 17. Nxf8 Bxf6 18. exf6 Qxf8 19. cxd5 Ne3 20. Qd2 Nxg2+ 21.
Kf1 Nh4 22. Rg1 Rd8 23. Rg5 Nf5 24. Bf3 Qh6 25. Re1 Nd4 26. Bg2 Nf5 27. Re5
Qxh2 28. Qf2 Nb4 29. Bxb4 cxb4 30. Rg4 Rc8 31. d6 Rc1+ 32. Re1 Ba6+ 33. Qe2
Bxe2+ 34. Kxe2 Rxe1+ 35. Kxe1 Qg1+ 36. Ke2 Qe3+ 37. Kf1 Ng3+ 38. Rxg3 Qxg3 39.
d7 Qd3+ 0-1

[Event "XXXIV Festival A"]
[Site "Arco ITA"]
[Date "2012.10.19"]
[Round "7"]
[White "Mombelli, Antonio"]
[Black "Aigner, Georg"]
[WhiteElo "1799"]
[BlackElo "1989"]
[Result "1/2-1/2"]
[PlyCount "73"]
[EventDate "2012.10.13"]

1. e4 e5 2. Nf3 Nc6 3. d4 exd4 4. Nxd4 Bc5 5. Be3 Qf6 6. c3 Nge7 7. Bc4 d6 8.
O-O Qg6 9. f3 h5 10. Nc2 Ne5 11. Be2 Bd7 12. b4 Bb6 13. Bxb6 axb6 14. Nd2 O-O
15. Nc4 Rfd8 16. Qc1 Qf6 17. N2e3 b5 18. Nxe5 Qxe5 19. a3 d5 20. exd5 Nxd5 21.
Nxd5 Qxd5 22. Rd1 Qe5 23. Re1 Qf6 24. c4 c6 25. cxb5 cxb5 26. Qc5 Re8 27. Bf1
Rxe1 28. Rxe1 Rxa3 29. Bxb5 Bxb5 30. Qxb5 Ra1 31. Rxa1 Qxa1+ 32. Kf2 Qd4+ 33.
Kf1 Qd1+ 34. Kf2 Qc2+ 35. Kf1 Qc7 36. Qc5 Qd8 37. b5 1/2-1/2

[Event "XXXIV Festival A"]
[Site "Arco ITA"]
[Date "2012.10.19"]
[Round "7"]
[White "Mulone, Gaspare"]
[Black "Thonig, Manfred"]
[WhiteElo "1590"]
[BlackElo "1638"]
[Result "1-0"]
[PlyCount "115"]
[EventDate "2012.10.13"]

1. e4 g6 2. d4 Bg7 3. Bc4 e6 4. Nf3 Ne7 5. O-O d6 6. Be3 Nd7 7. c3 b6 8. d5 e5
9. Qd2 h6 10. Na3 a6 11. b4 Nf6 12. Bd3 Ng4 13. Nc2 Bd7 14. Qe2 b5 15. Bd2 g5
16. a4 bxa4 17. Bxa6 Qb8 18. b5 O-O 19. Ra3 Qb6 20. c4 f5 21. h3 Nf6 22. exf5
Nxf5 23. Rfa1 e4 24. Nfd4 Rfe8 25. Nxf5 Bxf5 26. Be3 Qb8 27. R1a2 Nd7 28. Nd4
Bxd4 29. Bxd4 Kh7 30. Rxa4 Nb6 31. Bxb6 Qxb6 32. Qe3 Kg6 33. Re2 Bd7 34. Qxb6
cxb6 35. Ra3 Ra7 36. Rae3 Bf5 37. g4 Rc7 38. gxf5+ Kxf5 39. Rc2 h5 40. Kg2 Rg7
41. f3 h4 42. Rxe4 Rxe4 43. fxe4+ Kxe4 44. Bc8 Rc7 45. Bg4 Kd3 46. Rc1 Rxc4 47.
Rxc4 Kxc4 48. Be6 Kxb5 49. Kf3 Kc4 50. Kg4 b5 51. Kxg5 b4 52. Kxh4 b3 53. Kg4
b2 54. Bf5 Kxd5 55. h4 Ke5 56. Kg5 d5 57. h5 d4 58. h6 1-0

[Event "XXXIV Festival A"]
[Site "Arco ITA"]
[Date "2012.10.19"]
[Round "7"]
[White "Mumelter, Igor"]
[Black "Ziltener, Werner"]
[WhiteElo "1837"]
[BlackElo "2053"]
[Result "1-0"]
[PlyCount "41"]
[EventDate "2012.10.13"]

1. e4 d6 2. d4 Nf6 3. Nc3 c6 4. f4 Qa5 5. e5 Nd5 6. Bd2 Qb6 7. Nf3 Bg4 8. Nxd5
cxd5 9. c3 dxe5 10. fxe5 e6 11. Bd3 Nc6 12. O-O Be7 13. Kh1 Rc8 14. Qe1 Bh5 15.
Qf2 O-O 16. Qe2 a6 17. Bxh7+ Kxh7 18. Ng5+ Bxg5 19. Qxh5+ Bh6 20. Bxh6 gxh6 21.
Rf6 1-0

[Event "XXXIV Festival A"]
[Site "Arco ITA"]
[Date "2012.10.19"]
[Round "7"]
[White "Oppici, Gabriele"]
[Black "Kierzek, Matthias"]
[WhiteElo "1961"]
[BlackElo "2191"]
[Result "0-1"]
[PlyCount "60"]
[EventDate "2012.10.13"]

1. d4 d5 2. Nf3 c5 3. c3 Nc6 4. g3 e6 5. Bg2 Nf6 6. O-O Be7 7. Bg5 O-O 8. h3
Qb6 9. Qb3 Qxb3 10. axb3 cxd4 11. Nxd4 Nxd4 12. cxd4 h6 13. Bf4 Bd7 14. Nc3 Bc6
15. Rfc1 Rfc8 16. Rc2 g5 17. Bd2 Ne8 18. Rac1 Nd6 19. e3 f5 20. Bf1 Rf8 21. b4
a6 22. b3 Ne4 23. Nxe4 fxe4 24. Be1 Bd6 25. Be2 Bd7 26. Bd2 Kf7 27. Kg2 Ke7 28.
h4 gxh4 29. g4 h3+ 30. Kxh3 Rxf2 0-1

[Event "XXXIV Festival A"]
[Site "Arco ITA"]
[Date "2012.10.19"]
[Round "7"]
[White "Overney, Luca"]
[Black "Castagna, Celestino"]
[WhiteElo "1788"]
[BlackElo "1722"]
[Result "1/2-1/2"]
[PlyCount "86"]
[EventDate "2012.10.13"]

1. d4 Nf6 2. c4 d6 3. Nc3 g6 4. e4 Bg7 5. Be2 O-O 6. Bg5 Nc6 7. Qd2 b6 8. Nf3
Bb7 9. O-O-O Ng4 10. Rdf1 h6 11. Be3 Nxe3 12. Qxe3 a5 13. h4 Kh7 14. Ng5+ Kg8
15. Nf3 Kh7 16. Bd3 e5 17. dxe5 Nxe5 18. Nxe5 dxe5 19. Rd1 Qe7 20. Nd5 Bxd5 21.
cxd5 h5 22. Kb1 Bh6 23. Qe2 Qc5 24. Bb5 a4 25. Bc6 Ra5 26. Rd3 b5 27. Rc3 Qb6
28. Rd1 b4 29. Rc4 a3 30. b3 Rc5 31. Rxc5 Qxc5 32. Bb5 f5 33. exf5 Rxf5 34. Bd3
Qxf2 35. Qxf2 Rxf2 36. Be4 Rb2+ 37. Ka1 Bd2 38. Rb1 Bc3 39. Rxb2 Bxb2+ 40. Kb1
Kg7 41. Kc2 Kf6 42. Bd3 g5 43. hxg5+ Kxg5 1/2-1/2

[Event "XXXIV Festival A"]
[Site "Arco ITA"]
[Date "2012.10.19"]
[Round "7"]
[White "Perich, Stefano"]
[Black "Gulinelli, Euro"]
[WhiteElo "1871"]
[BlackElo "1633"]
[Result "1/2-1/2"]
[PlyCount "31"]
[EventDate "2012.10.13"]

1. f4 Nf6 2. d4 g6 3. Nc3 Bg7 4. e4 d6 5. Nf3 O-O 6. Be2 Bg4 7. h3 Bxf3 8. Bxf3
c6 9. O-O Nbd7 10. e5 Ne8 11. Ne4 Qb6 12. Kh2 d5 13. Nf2 e6 14. c3 Nc7 15. Qd2
Qb5 16. Nd3 1/2-1/2

[Event "XXXIV Festival A"]
[Site "Arco ITA"]
[Date "2012.10.19"]
[Round "7"]
[White "Pieri, Enzo"]
[Black "Espinosa Cancino, Monica"]
[WhiteElo "1740"]
[BlackElo "1530"]
[Result "0-1"]
[PlyCount "73"]
[EventDate "2012.10.13"]

1. d4 f5 2. c4 Nf6 3. Nc3 g6 4. Nf3 Bg7 5. b3 d6 6. Bb2 c6 7. e3 O-O 8. Be2 Na6
9. O-O Nc7 10. Qc2 Kh8 11. Rad1 Be6 12. Ng5 Bg8 13. e4 fxe4 14. Ncxe4 Qd7 15.
Nxf6 exf6 16. Nf3 Qe7 17. h4 Ne6 18. g3 Rfe8 19. Rfe1 Nf8 20. Kg2 Rac8 21. h5
gxh5 22. Bd3 Qf7 23. Nh4 Rcd8 24. Nf5 Ng6 25. c5 Rxe1 26. Rxe1 dxc5 27. Bc4 Qd7
28. Bxg8 Kxg8 29. Nxg7 Kxg7 30. Qxc5 Qd5+ 31. Qxd5 Rxd5 32. Re4 a6 33. f4 Kf7
34. Kf3 Ne7 35. a3 Nc8 36. g4 hxg4+ 37. Kxg4 0-1

[Event "XXXIV Festival A"]
[Site "Arco ITA"]
[Date "2012.10.19"]
[Round "7"]
[White "Popa, Claudiu"]
[Black "Zucchelli, Massimo"]
[WhiteElo "2139"]
[BlackElo "2176"]
[Result "1/2-1/2"]
[PlyCount "23"]
[EventDate "2012.10.13"]

1. e4 e6 2. d4 d5 3. exd5 exd5 4. Nf3 Bd6 5. Bd3 Nc6 6. c3 Nge7 7. Bg5 Bg4 8.
Nbd2 Qd7 9. Qc2 O-O-O 10. O-O-O f6 11. Bh4 Bf5 12. Bg3 1/2-1/2

[Event "XXXIV Festival A"]
[Site "Arco ITA"]
[Date "2012.10.19"]
[Round "7"]
[White "Rizzo, Giuseppe"]
[Black "Leone, Cataldo"]
[WhiteElo "1761"]
[BlackElo "1590"]
[Result "0-1"]
[PlyCount "72"]
[EventDate "2012.10.13"]

1. d4 d5 2. Nf3 Nf6 3. e3 e6 4. Bd3 c5 5. b3 Nc6 6. Bb2 Nb4 7. Be2 Nc6 8. a3
cxd4 9. exd4 Bd6 10. Nbd2 Bd7 11. Ne5 Qc7 12. f4 Rc8 13. Bd3 O-O 14. O-O Ne7
15. Rc1 Nf5 16. Qf3 Qb6 17. c3 Bb5 18. g4 Bxd3 19. Qxd3 Bxe5 20. gxf5 Bd6 21.
Rf3 e5 22. fxe5 Bxe5 23. Kg2 Bd6 24. Rd1 Qc7 25. h3 Nh5 26. Kh1 Qd8 27. c4 Qh4
28. Rg1 Rfe8 29. Rg4 Qe1+ 30. Nf1 Re2 31. Bc3 Rh2+ 32. Kg1 Qc1 33. c5 Bc7 34.
Bd2 Qd1 35. f6 Re8 36. Qf5 Rxd2 0-1

[Event "XXXIV Festival A"]
[Site "Arco ITA"]
[Date "2012.10.19"]
[Round "7"]
[White "Rizzoli, Aluna"]
[Black "Barlocco, Carlo"]
[WhiteElo "1868"]
[BlackElo "2086"]
[Result "1-0"]
[PlyCount "109"]
[EventDate "2012.10.13"]

1. e4 d5 2. exd5 Qxd5 3. Nc3 Qd6 4. d4 Nf6 5. Nf3 g6 6. g3 Bg7 7. Bg2 O-O 8.
O-O Bg4 9. h3 Bxf3 10. Bxf3 c6 11. Bf4 Qb4 12. Ne2 Nbd7 13. c3 Qb6 14. Qb3 e6
15. g4 Nd5 16. Bg3 Rac8 17. Nf4 Nxf4 18. Bxf4 e5 19. dxe5 Bxe5 20. Be3 Qc7 21.
Rad1 Nb6 22. a4 Rcd8 23. a5 Nc8 24. a6 b6 25. Qc4 c5 26. Qe4 Rfe8 27. Rxd8 Rxd8
28. Rd1 Rxd1+ 29. Bxd1 Ne7 30. Bh6 Qd6 31. Bf3 f5 32. Qc4+ Kh8 33. Qf7 Ng8 34.
Bg5 Nf6 35. Be2 fxg4 36. hxg4 b5 37. Bxb5 Qd1+ 38. Kg2 Qxg4+ 39. Kf1 Qd1+ 40.
Kg2 Qg4+ 41. Kf1 Qd1+ 42. Kg2 Qd5+ 43. Qxd5 Nxd5 44. Bc4 Nb6 45. Bb5 Bd6 46. c4
Kg7 47. Be3 Nc8 48. Bd7 Nb6 49. Bb5 Nc8 50. b4 cxb4 51. Bd7 b3 52. Bd4+ Kf7 53.
Bxc8 Be7 54. Bb7 Bf6 55. Bxa7 1-0

[Event "XXXIV Festival A"]
[Site "Arco ITA"]
[Date "2012.10.19"]
[Round "7"]
[White "Roessner, Uwe"]
[Black "Cautiero, Pietro"]
[WhiteElo "1892"]
[BlackElo "1714"]
[Result "1-0"]
[PlyCount "69"]
[EventDate "2012.10.13"]

1. Nf3 d5 2. g3 Nc6 3. Bg2 e5 4. d3 Nf6 5. Bg5 Be7 6. Nbd2 O-O 7. O-O h6 8.
Bxf6 Bxf6 9. Rb1 Be6 10. c4 Ne7 11. Qc2 c6 12. b4 b5 13. Nb3 dxc4 14. dxc4 Bxc4
15. Nc5 Qc7 16. Rfe1 a5 17. Nd2 Be6 18. Nxe6 fxe6 19. Bh3 Nf5 20. bxa5 Rfe8 21.
e3 Nd6 22. Rec1 Qxa5 23. Nb3 Qxa2 24. Qxc6 Rac8 25. Qxd6 Rxc1+ 26. Rxc1 Qxb3
27. Rc8 Qb1+ 28. Bf1 Rxc8 29. Qxe6+ Kh7 30. Qxc8 b4 31. Qc4 e4 32. Kg2 b3 33.
Qd5 Qc2 34. Bc4 h5 35. Qxh5# 1-0

[Event "XXXIV Festival A"]
[Site "Arco ITA"]
[Date "2012.10.19"]
[Round "7"]
[White "Roth, Peter"]
[Black "Pomini, Aurelien"]
[WhiteElo "2226"]
[BlackElo "2012"]
[Result "0-1"]
[PlyCount "80"]
[EventDate "2012.10.13"]

1. e4 e5 2. Nf3 Nf6 3. Nxe5 d6 4. Nf3 Nxe4 5. Nc3 Nxc3 6. dxc3 Be7 7. Bf4 Nc6
8. Qd2 Be6 9. Ng5 Bf5 10. O-O-O h6 11. Nf3 Qd7 12. Bb5 a6 13. Ba4 b5 14. Bb3
O-O 15. Bd5 Rab8 16. g4 Bh7 17. Rhg1 Kh8 18. Rde1 Nd8 19. Qe3 Ne6 20. Bg3 Rfe8
21. Kb1 Bf8 22. Qa7 Qc8 23. Qe3 c6 24. Bb3 a5 25. a3 Qd7 26. Rd1 b4 27. cxb4
axb4 28. a4 Rbd8 29. Bxe6 Rxe6 30. Qb3 d5 31. Ne5 Qe8 32. Rge1 f6 33. Nf3 Be4
34. Nd4 c5 35. Nxe6 c4 36. Qe3 Qxa4 37. Qxe4 Ra8 38. Kc1 dxe4 39. Rxe4 c3 40.
bxc3 Qa1+ 0-1

[Event "XXXIV Festival A"]
[Site "Arco ITA"]
[Date "2012.10.19"]
[Round "7"]
[White "Roversi, Stefano"]
[Black "Tencheni, Maurizio"]
[WhiteElo "1767"]
[BlackElo "1707"]
[Result "1-0"]
[PlyCount "51"]
[EventDate "2012.10.13"]

1. e4 b6 2. d4 Bb7 3. Bd3 Nf6 4. Qe2 Nc6 5. c3 e5 6. Nf3 d6 7. O-O Be7 8. d5
Nb8 9. Bb5+ c6 10. dxc6 Bxc6 11. Bxc6+ Nxc6 12. Rd1 Qc7 13. Na3 Rd8 14. Bg5 O-O
15. Nc4 h6 16. Bxf6 Bxf6 17. Ne3 Ne7 18. Rd2 Rd7 19. Rad1 Rfd8 20. Ng4 d5 21.
Nxf6+ gxf6 22. Nh4 dxe4 23. Qg4+ Ng6 24. Rxd7 Rxd7 25. Rxd7 f5 26. Qxg6+ 1-0

[Event "XXXIV Festival A"]
[Site "Arco ITA"]
[Date "2012.10.19"]
[Round "7"]
[White "Rygg, Snorre"]
[Black "Pipitone, Antonio"]
[WhiteElo "1788"]
[BlackElo "1940"]
[Result "1-0"]
[PlyCount "22"]
[EventDate "2012.10.13"]

1. c4 Nf6 2. g3 d5 3. cxd5 Nxd5 4. Bg2 Nb6 5. Nc3 e6 6. Nf3 g6 7. O-O Bg7 8.
Rb1 O-O 9. h3 a5 10. Qc2 Re8 11. a3 N8d7 1-0

[Event "XXXIV Festival A"]
[Site "Arco ITA"]
[Date "2012.10.19"]
[Round "7"]
[White "Schiappoli, Dario"]
[Black "Bondielli, Giorgio"]
[WhiteElo "1933"]
[BlackElo "1849"]
[Result "0-1"]
[PlyCount "96"]
[EventDate "2012.10.13"]

1. e4 e5 2. f4 d6 3. Bc4 Nf6 4. Nc3 Nc6 5. h3 Be6 6. Bb5 Bd7 7. d3 Nd4 8. Bxd7+
Qxd7 9. Nf3 Nxf3+ 10. Qxf3 Be7 11. Be3 a6 12. g4 h6 13. O-O-O O-O-O 14. d4 exf4
15. Bxf4 Nh7 16. Nd5 Bg5 17. Bxg5 Nxg5 18. Qc3 Kb8 19. Rhe1 Ne6 20. b4 h5 21.
Qb3 hxg4 22. hxg4 Ng5 23. a4 Rh3 24. Rd3 Rxd3 25. cxd3 Nf3 26. Rf1 Nxd4 27. Qc4
Nc6 28. b5 Ne5 29. Qb3 a5 30. Kb1 Qxg4 31. Rc1 Rd7 32. Qc3 Qe2 33. b6 c6 34.
Nf4 Qe3 35. Qxa5 Rd8 36. Qa7+ Kc8 37. Qa8+ Kd7 38. Qxb7+ Ke8 39. Rxc6 Qxf4 40.
Rc3 Qd2 41. Rb3 Nxd3 42. Qc6+ Kf8 43. Rxd3 Qxd3+ 44. Kb2 Qd2+ 45. Kb3 Qa5 46.
Kc4 Qa6+ 47. Qb5 Rc8+ 48. Kb4 Qb7 0-1

[Event "XXXIV Festival A"]
[Site "Arco ITA"]
[Date "2012.10.19"]
[Round "7"]
[White "Schlee, Ulrich"]
[Black "Russo, Carmelo"]
[WhiteElo "1796"]
[BlackElo "1751"]
[Result "1-0"]
[PlyCount "83"]
[EventDate "2012.10.13"]

1. e4 c6 2. d4 d5 3. Nc3 g6 4. e5 h5 5. f4 Nh6 6. Be3 Bf5 7. Qd2 Nd7 8. Nf3 Nb6
9. b3 e6 10. Be2 Nd7 11. O-O a6 12. Nd1 Ng4 13. c3 c5 14. Bf2 Qb6 15. Ne3 Nxe3
16. Bxe3 cxd4 17. Bxd4 Bc5 18. Rac1 Qd8 19. Bxc5 Nxc5 20. c4 Qb6 21. Qd4 Nd7
22. cxd5 exd5 23. Qxb6 Nxb6 24. Rc7 Rb8 25. Rfc1 O-O 26. Nd4 Rfe8 27. Bf3 Be6
28. Kf2 Rec8 29. Ke2 Rxc7 30. Rxc7 h4 31. Nxe6 fxe6 32. Re7 Rc8 33. Rxe6 Rc6
34. Re7 a5 35. Rxb7 h3 36. gxh3 Kh8 37. Kd2 Re6 38. h4 Rc6 39. h3 Re6 40. Bg4
Rc6 41. e6 a4 42. e7 1-0

[Event "XXXIV Festival A"]
[Site "Arco ITA"]
[Date "2012.10.19"]
[Round "7"]
[White "Sigmund, Ingenuin"]
[Black "Prelati, Maurizio"]
[WhiteElo "1776"]
[BlackElo "1976"]
[Result "1-0"]
[PlyCount "103"]
[EventDate "2012.10.13"]

1. e4 c5 2. Nc3 Nc6 3. g3 g6 4. Bg2 Bg7 5. d3 d6 6. Nce2 e5 7. c3 Nge7 8. f4
Rb8 9. Nf3 O-O 10. O-O b5 11. Be3 f5 12. Qd2 exf4 13. gxf4 b4 14. Ng3 bxc3 15.
bxc3 Qa5 16. Rac1 Be6 17. Rc2 d5 18. Ng5 d4 19. Nxe6 dxe3 20. Qe1 Rfc8 21. Nxg7
Kxg7 22. Qxe3 Qa4 23. Rfc1 Rd8 24. Bh3 fxe4 25. dxe4 Rd1+ 26. Rxd1 Qxc2 27. Rd2
Qc1+ 28. Kf2 Rb1 29. Nf1 g5 30. fxg5 Ne5 31. Re2 Ng4+ 32. Bxg4 Qxf1+ 33. Kg3
Qh1 34. Bf3 Qg1+ 35. Qxg1 Rxg1+ 36. Bg2 Rd1 37. Re3 Rd2 38. Bf1 Rxa2 39. h4 Rd2
40. h5 a5 41. Bc4 a4 42. Rf3 Rc2 43. Rf7+ Kh8 44. Be6 Rxc3+ 45. Kg4 Ng6 46.
hxg6 hxg6 47. Rf3 Rc1 48. Ra3 Rg1+ 49. Kf4 Rf1+ 50. Ke5 Rg1 51. Kf6 Rf1+ 52.
Kxg6 1-0

[Event "XXXIV Festival A"]
[Site "Arco ITA"]
[Date "2012.10.19"]
[Round "7"]
[White "Simeone, Giulio"]
[Black "Trauth, Michael"]
[WhiteElo "1928"]
[BlackElo "2159"]
[Result "0-1"]
[PlyCount "65"]
[EventDate "2012.10.13"]

1. c4 c5 2. Nf3 Nf6 3. e3 g6 4. d4 Bg7 5. Nc3 O-O 6. Be2 d5 7. dxc5 dxc4 8. O-O
Nbd7 9. Bxc4 Nxc5 10. Qe2 Bd7 11. Rd1 Qc7 12. Bd2 Rac8 13. Rac1 Qb8 14. b4 Nce4
15. Nxe4 Nxe4 16. Be1 Ba4 17. Rd3 b5 18. Bxf7+ Rxf7 19. Rxc8+ Qxc8 20. Nd4 Qc4
21. f3 Nd6 22. Qd2 Rf8 23. Rc3 Qxb4 24. a3 Qa5 25. Qa2+ Nc4 26. Kf2 Qc7 27. Ne6
Qc6 28. Nxf8 Bxc3 29. Bxc3 Kxf8 30. Qb1 Nxe3 31. Bd4 Nd1+ 32. Kg1 Qe6 33. Qc1
0-1

[Event "XXXIV Festival A"]
[Site "Arco ITA"]
[Date "2012.10.19"]
[Round "7"]
[White "Traversi, Carlo"]
[Black "Oltramari, Silvano"]
[WhiteElo "1570"]
[BlackElo "1742"]
[Result "1/2-1/2"]
[PlyCount "60"]
[EventDate "2012.10.13"]

1. e4 c5 2. Nf3 Nc6 3. d4 cxd4 4. Nxd4 g6 5. Nc3 Bg7 6. Be3 d6 7. Be2 Nf6 8.
O-O O-O 9. a3 Bd7 10. Nb3 Na5 11. Nxa5 Qxa5 12. f3 Bc6 13. b4 Qc7 14. Qd2 a6
15. Rac1 b5 16. Nd5 Bxd5 17. exd5 Rac8 18. c4 bxc4 19. Rxc4 Qb7 20. Rfc1 Rxc4
21. Bxc4 Rc8 22. Qd3 Rc7 23. Rd1 Nd7 24. Bxa6 Qa8 25. Rc1 Qb8 26. Rxc7 Qxc7 27.
Qc4 Qxc4 28. Bxc4 Bb2 29. a4 Bc3 30. b5 Be5 1/2-1/2